[Event "CHI-chT"]
[Site "Santiago de Chile"]
[Date "2012.12.20"]
[Round "9"]
[White "Silva Guajardo, Bastian"]
[Black "Carrasco Miranda, Andres"]
[Result "0-1"]
[WhiteElo "1957"]
[BlackElo "2257"]
[PlyCount "84"]
[EventDate "2012.11.22"]
[EventType "team-tourn"]
[EventRounds "9"]
[EventCountry "CHI"]
[SourceTitle "EXT 2014"]
[Source "ChessBase"]
[SourceDate "2013.11.20"]
[SourceVersion "1"]
[SourceVersionDate "2013.11.20"]
[SourceQuality "1"]

1. e4 c5 2. Nf3 d6 3. d4 cxd4 4. Nxd4 Nf6 5. Nc3 a6 6. f3 e6 7. Be3 b5 8. Qd2 b4 9. Na4 Qc7 10. c4 Nbd7 11. Be2 Ne5 12. b3 Bd7 13. Nb2 Be7 14. 0-0 0-0 15. Qxb4 Rfe8 16. Qd2 d5 17. cxd5 exd5 18. Rfc1 Qb8 19. Nf5 Bb4 20. Qd4 dxe4 21. fxe4 Bxf5 22. exf5 Rd8 23. Qh4 Bd2 24. Bg5 Qb6+ 25. Kh1 Rd4 26. Qg3 Bxc1 27. Rxc1 Ne4 28. Qxe5 Nxg5 29. Nc4 Qd8 30. h3 Re4 31. Qb2 Qe7 32. Bd3 Re1+ 33. Rxe1 Qxe1+ 34. Kh2 Rd8 35. Qe2 Qh4 36. Qe3 h6 37. Be2 Qe1 38. g3 Rd1 39. Bg4 Qxe3 40. Nxe3 Rd2+ 41. Kg1 Rxa2 42. f6 g6 0-1

[Event "CHI-chT"]
[Site "Santiago de Chile"]
[Date "2012.12.18"]
[Round "8"]
[White "Silva Guajardo, Bastian"]
[Black "Ulloa Bustos, Juan"]
[Result "1-0"]
[WhiteElo "1957"]
[BlackElo "2022"]
[PlyCount "47"]
[EventDate "2012.11.22"]
[EventType "team-tourn"]
[EventRounds "9"]
[EventCountry "CHI"]
[SourceTitle "EXT 2014"]
[Source "ChessBase"]
[SourceDate "2013.11.20"]
[SourceVersion "1"]
[SourceVersionDate "2013.11.20"]
[SourceQuality "1"]

1. e4 Nf6 2. Nc3 d5 3. e5 d4 4. Nce2 Ne4 5. c3 Nc6 6. cxd4 e6 7. a3 h6 8. h4 Be7 9. d3 Nxf2 10. Kxf2 Bxh4+ 11. g3 Be7 12. Bg2 Nxd4 13. Nf3 Nxe2 14. Qxe2 Bd7 15. Be3 Bb5 16. Rhd1 Qd7 17. b4 Rd8 18. Nd4 Ba4 19. Rdc1 c6 20. Be4 Bg5 21. Nf3 Bb3 22. Nxg5 hxg5 23. Rh1 Ke7 24. Bc5+ 1-0